[Event "Las Palmas"]
[Site "Las Palmas"]
[Date "1994.??.??"]
[Round "6"]
[White "Karpov, Anatoly"]
[Black "Kamsky, Gata"]
[Result "1/2-1/2"]
[WhiteElo "2740"]
[BlackElo "2695"]
[Annotator "Ftacnik,L"]
[PlyCount "104"]
[EventDate "1994.05.??"]
[EventType "tourn"]
[EventRounds "9"]
[EventCountry "ESP"]
[EventCategory "17"]
[SourceTitle "CBM 042"]
[Source "ChessBase"]
[SourceDate "1994.10.01"]
[SourceVersion "1"]
[SourceVersionDate "1994.10.01"]
[SourceQuality "1"]

1. d4 d5 2. c4 c6 3. Nc3 Nf6 4. e3 e6 5. Nf3 Nbd7 6. Bd3 dxc4 7. Bxc4 b5 8. Bd3
a6 9. e4 c5 10. d5 c4 11. Bc2 e5 12. O-O Qc7 $5 13. Ne2 Rb8 14. Ng3 h6 (14...
g6 15. Be3 h6 16. Qd2 $14) 15. Bd2 (15. Be3 Bc5 $13) 15... g6 (15... Bc5 16.
Nf5 $36) 16. Rc1 Bd6 (16... a5 17. a4 b4 18. Bd3 Ba6 19. b3 $16) 17. h3 (17.
Bb1 $5) 17... Kf8 18. Bb1 (18. Qe1 b4 $140 19. Bd3) 18... a5 (18... Kg7 19. b3
Nb6 20. Ba5 $16) 19. b3 Ba6 20. Qe1 (20. bxc4 b4 (20... bxc4 21. Qa4 Bb4 22.
Bxb4+ Rxb4 23. Qc6 $16) 21. Be3 Nc5 22. Nd2 $14) 20... a4 (20... Ba3 21. Bxa5
Qd6 22. Bd2 $5 Bxc1 23. Bb4 Nc5 24. Qxc1 $44) 21. bxc4 bxc4 (21... b4 22. Be3
$14) 22. Ba5 Qa7 23. Bc3 Kg7 24. Qd2 $6 (24. Bc2 $5) 24... Rhe8 25. Kh1 Nc5 26.
Nh4 Kh7 27. Qe3 (27. f4 Rxb1 $1 28. Rxb1 Nfxe4 29. Nxe4 Nxe4 $17) 27... Qb6 28.
Qf3 Qd8 29. Bc2 Kg8 30. Rb1 Rxb1 (30... Nh7 31. Rxb8 Bxb8 32. Qg4 Bc8 33. Ngf5
Nf6 34. Nxh6+ Kg7 35. Nxf7 Bxg4 36. Nxd8 Be2 37. Re1 Bd3 38. Ne6+ $13) 31. Rxb1
Nh7 (31... Nxd5 32. Ngf5 $1 gxf5 33. Nxf5 Nxc3 $2 34. Qg3+ Qg5 35. Nxh6+ $18)
32. Qg4 Bc8 33. Ngf5 (33. Nhf5 Kf8 $1 $17) 33... Nf6 (33... Kf8 34. Nxg6+ fxg6
35. Qxg6 Bxf5 36. exf5 $40) (33... Ng5 34. Nxh6+ Kg7 35. N6f5+ gxf5 36. exf5
$44) 34. Nxh6+ Kh7 35. Qg5 (35. Nxf7 $2 Nxg4 36. Nxd8 Nxf2+ 37. Kg1 Nfxe4 $17)
35... Ncxe4 36. Bxe4 Nxe4 37. Qxd8 Rxd8 38. Nxf7 Nxc3 39. Rc1 $1 Rd7 (39... Nb5
40. Nxd8 c3 41. Ne6 Ba3 42. Rc2 Bb2 43. Nf3 Na3 44. Ne1 $16) 40. Nxd6 Rxd6 41.
Rxc3 Ba6 42. Nf3 Rxd5 43. Ng5+ Kh6 44. Ne4 Rd3 $1 45. f3 (45. a3 Bb7 $1 46.
Rxc4 (46. Rxd3 cxd3 47. Nd2 e4) 46... Rxa3 47. Nc5 Rxh3+ 48. Kg1 Bd5 $10) 45...
a3 46. Rc2 Bb5 47. Kh2 (47. Nf2 Kg5 $1 48. Nxd3 cxd3 49. Rc5 $6 Bc4 $3 50.
Rxe5+ Kh6 51. Re1 Bxa2 52. Ra1 Bb3 53. Rxa3 d2 54. Ra1 d1=Q+ 55. Rxd1 Bxd1 $10)
47... Rd4 48. Rc3 Rd3 49. h4 (49. Rc1 Rd4 50. Nc3 Ba6 51. Nb1 Rd3 52. Rc3 $14)
49... Rxc3 50. Nxc3 Bc6 51. Kg3 Kh5 52. Kh3 Kh6 1/2-1/2

[Event "Las Palmas"]
[Site "Las Palmas"]
[Date "1994.??.??"]
[Round "8"]
[White "Kamsky, Gata"]
[Black "Illescas Cordoba, Miguel"]
[Result "1/2-1/2"]
[WhiteElo "2695"]
[BlackElo "2590"]
[Annotator "Stohl,I"]
[PlyCount "72"]
[EventDate "1994.05.??"]
[EventType "tourn"]
[EventRounds "9"]
[EventCountry "ESP"]
[EventCategory "17"]
[SourceTitle "CBM 042"]
[Source "ChessBase"]
[SourceDate "1994.10.01"]
[SourceVersion "1"]
[SourceVersionDate "1994.10.01"]
[SourceQuality "1"]

1. d4 Nf6 2. c4 c5 3. d5 b5 4. cxb5 a6 5. b6 Qxb6 6. Nc3 d6 7. e4 g6 8. a4 $6 (
8. Be2 Bg7 9. Nf3 O-O 10. O-O {/\Nd2-c4+/=}) 8... Bg7 9. a5 Qb4 $1 10. Ra4 Qb7
11. Bc4 (11. Be2 Bd7 12. Ra3 Qb4 13. f3 O-O 14. Bd2 Qb7 15. Bc4 Ne8 16. Nge2
Nc7 17. O-O Bb5 18. b3 Nd7 19. f4 Rfe8 20. Ng3 Rad8 21. Qf3 e6 22. h3 exd5 23.
exd5 f5 24. Qd3 Re7 $15 {Savchenko,S-Lazarev,V/Alushta/1993/}) 11... Bd7 (11...
O-O 12. Nge2 Ne8 13. Qd3 Bd7 14. Ra3 Nc7 15. Rb3 Bb5 $5 16. Bxb5 axb5 17. Nxb5
Nxb5 18. Qxb5 Qc7 (18... Qxb5 19. Rxb5 Na6 $10) 19. Bd2 Nd7 20. O-O c4 21. Rb4
Rfc8 22. Rc1 Ne5 $44 {Kantsler,B-Nesterov,J/Bishkek zt/1993/}) 12. Ra3 Qb4 $1 (
12... O-O 13. Nge2 Qb4 14. Qd3 Bb5 $1 15. Bxb5 axb5 16. Qxb5 Nxe4 17. Qd3 Rxa5
18. Rxa5 Nxc3 19. Ra8 Nxd5+ 20. Qd2 Nc6 21. Rxf8+ Kxf8 $15 {Ellers,H-Kumaran,D/
Duisburg WchJM-U18/1992/}) (12... Bb5 13. Qb3 Nbd7 14. Bxb5 axb5 15. Qxb5 Qxb5
16. Nxb5 O-O 17. Ne2 $6 (17. Nc3 Ne5 $44) 17... Nxe4 18. a6 Rfb8 19. Ra5 Ne5
20. O-O Nc4 21. Ra4 Rxb5 22. Rxc4 Nf6 23. Nc3 Rb6 24. Re1 Kf8 $17 {Rapoport,
I-Kantorik,M/Bratislava op/1992/}) 13. Qd3 (13. Qe2 O-O 14. Nf3 Bb5 15. Nd2
Nbd7 $13) 13... Bb5 $1 14. Bxb5+ axb5 15. Qxb5+ $8 (15. Nge2 c4 {/\Ra5-/+})
15... Nbd7 (15... Qxb5 16. Nxb5 Na6 17. f3 Rb8 $44) 16. Ra4 Qxb5 17. Nxb5 O-O
18. Ne2 (18. Nc3 Rfb8 19. f3 $5 (19. Nge2 Rb4 $36) 19... Rb4 20. Ra2 Ne8 $44)
18... Nb6 19. Ra2 Nc4 (19... Nxe4 20. Nc7 Ra7 21. Nb5 $10) 20. f3 Rfb8 21. Nec3
Rxa5 22. Rxa5 Nxa5 $15 23. Kd1 $1 {/\Kc2><b2} Nb3 24. Kc2 Nxc1 (24... Nd4+ $6
25. Nxd4 cxd4 26. Ne2 Nd7 27. Rd1 $14) 25. Rxc1 Ra8 $8 26. Re1 Nd7 27. f4 Bf6
28. g3 h6 (28... g5 29. e5 dxe5 30. f5 $44) (28... Kf8 $15) 29. Na3 Bxc3 30.
Kxc3 Nb6 31. Kc2 $1 (31. Nc4 Nxc4 32. Kxc4 Rb8 33. Kc3 Rb4 $36 {/\Kf8,f5,ה})
31... Ra4 32. Nb5 Rb4 33. Nc3 (33. Na7 $5 $132) 33... Na4 34. Nd1 $1 $8 Kg7 35.
b3 Nb6 36. Nc3 $10 c4 1/2-1/2

[Event "Madrid"]
[Site "Madrid"]
[Date "1994.??.??"]
[Round "1"]
[White "Kamsky, Gata"]
[Black "Shirov, Alexei"]
[Result "1/2-1/2"]
[WhiteElo "2695"]
[BlackElo "2715"]
[Annotator "Shirov,A"]
[PlyCount "62"]
[EventDate "1994.05.??"]
[EventType "tourn"]
[EventRounds "9"]
[EventCountry "ESP"]
[EventCategory "15"]
[SourceTitle "CBM 041"]
[Source "ChessBase"]
[SourceDate "1994.08.01"]
[SourceVersion "1"]
[SourceVersionDate "1994.08.01"]
[SourceQuality "1"]

1. d4 d5 2. c4 c6 3. Nc3 Nf6 4. Nf3 e6 5. e3 Nbd7 6. Bd3 dxc4 7. Bxc4 b5 8. Bd3
a6 9. e4 c5 10. d5 Qc7 11. O-O Bb7 12. dxe6 fxe6 13. Bc2 $1 (13. Qe2 c4 14. Bc2
) 13... c4 14. Ng5 Nc5 15. e5 Qc6 $5 (15... Qxe5 16. Re1 Qd6 17. Qxd6 Bxd6 18.
Be3 O-O 19. Rad1 {Karpov,An-Kramnik,V/Linares/1994/}) 16. f3 (16. Nf3 Nd5 $13)
16... Nfd7 (16... Nd5 $2 17. Nxd5 O-O-O (17... Qxd5 18. Qxd5 Bxd5 19. Bxh7 $16)
18. Nb4 $1 Qb6 19. Qe2 Nd3+ (19... Nb3+ 20. Be3 Bc5 21. Rae1 $1 Rd2 22. Bxc5
Qxc5+ 23. Qe3 Qxb4 24. Bxb3 cxb3 25. a3 $18) 20. Be3 Bc5 21. Bxc5 Qxc5+ 22. Kh1
Qxb4 23. Nf7 $16) 17. Nxh7 (17. Bxh7 Nxe5 $13) 17... Nxe5 18. Nxf8 Rxf8 19. Qd4
$5 (19. Qe2 Ned3 $13) 19... Ncd3 20. Bxd3 (20. Ne4 $6 Rd8 21. Qe3 (21. Qa7 $2
Nxf3+ 22. gxf3 Rxf3 23. Rxf3 Qxe4 24. Bd1 Qg4+ $19) 21... Ng4 $1 22. Qg5 (22.
Qa7 $2 Rf7 $1 $19) (22. fxg4 Rxf1+ 23. Kxf1 Qxe4 $15) 22... Qb6+ 23. Kh1 Bxe4
24. Qxg4 Bf5 $15) 20... Nxd3 21. Ne4 e5 $6 (21... Rd8 22. Qxg7 (22. Qa7 Qd7 $5)
(22. Qe3 Qd5 $15) 22... Qb6+ 23. Nf2 (23. Kh1 $2 Bxe4 24. Bh6 Rf5 $1 25. fxe4
Rxf1+ 26. Rxf1 Nf2+ 27. Rxf2 Rd1+) 23... Nxf2 24. Qg6+ Rf7 25. Qg8+ Rf8 26.
Qg6+ {0,5/Illescas Cordoba,M-Shirov,A/Madrid (08)/1994/}) 22. Qe3 $1 (22. Qd6
$2 Rd8 $15) 22... O-O-O 23. b3 $1 c3 24. Ba3 $1 b4 25. Rfd1 $1 Qb5 $1 (25...
bxa3 26. Rxd3 $16) 26. Nxc3 $1 (26. Bxb4 $6 Qxb4 $1 (26... Nxb4 27. Nd6+ Rxd6
28. Rxd6) 27. Rxd3 Rxd3 28. Qxd3 Bxe4 29. Qxe4 Qd4+ $1 30. Kh1 Qxe4 31. fxe4 c2
32. Rc1 $1 Rf2 33. h4 Kd7 34. Kh2 Kc6 35. Kg3 Rd2 36. Kf3 Kc5 37. Ke3 $1 Rxg2
38. Kd3 Rg3+ $15) 26... Rxf3 $8 (26... bxc3 27. Bxf8 c2 28. Rd2 c1=Q+ 29. Rxc1+
Nxc1 30. Rxd8+ Kxd8 31. Qxc1 $18) 27. gxf3 bxc3 28. Rac1 $1 Nxc1 29. Qxc3+ (29.
Rxc1 Rd3 30. Rxc3+ Rxc3 31. Qxc3+ Kd7 $10) 29... Qc6 30. Qxc6+ (30. Rxc1 Rd1+
31. Kf2 Rxc1 32. Qxc1 Qxc1 33. Bxc1 Kd7 $10) 30... Bxc6 31. Rxd8+ Kxd8 (31...
Kxd8 32. Bxc1 Bxf3 $10) 1/2-1/2

[Event "Madrid"]
[Site "Madrid"]
[Date "1994.??.??"]
[Round "2"]
[White "Sokolov, Ivan"]
[Black "Kamsky, Gata"]
[Result "1/2-1/2"]
[WhiteElo "2650"]
[BlackElo "2695"]
[Annotator "Dautov,R"]
[PlyCount "121"]
[EventDate "1994.05.??"]
[EventType "tourn"]
[EventRounds "9"]
[EventCountry "ESP"]
[EventCategory "15"]
[SourceTitle "CBM 041"]
[Source "ChessBase"]
[SourceDate "1994.08.01"]
[SourceVersion "1"]
[SourceVersionDate "1994.08.01"]
[SourceQuality "1"]

1. d4 Nf6 2. c4 e6 3. Nc3 Bb4 4. Qc2 O-O 5. a3 Bxc3+ 6. Qxc3 b6 7. Bg5 c5 8.
dxc5 bxc5 9. e3 d6 10. Bd3 Nbd7 11. Ne2 h6 12. Bh4 Rb8 {N} 13. Bg3 Qb6 $1 (
13... Rb6 $6 14. O-O Nh5 15. b4 Nxg3 16. hxg3 Qf6 17. b5 $14 {->Sokolov,
I-Salov/Madrid(4)/1994}) 14. O-O Nh5 (14... Qxb2 $6 15. Qxb2 Rxb2 16. Bxd6 Re8
(16... Rd8 17. Bc7) 17. Rfb1 Rd2 18. Rd1 Rxd1+ (18... Rb2 $6 19. Rab1 Ra2 20.
Rb3 $16 {/\Nc3}) 19. Rxd1 Ba6 20. Nc3 $14 {^^}) 15. Rab1 Nxg3 16. hxg3 (16.
Nxg3 a5 17. b3 Bb7 18. Rfd1 Nf6 $10) 16... Ne5 (16... a5 $5 17. Qc2 Ne5 18. Nc3
Ba6 19. b3 Nxd3 20. Qxd3 d5 $10) 17. Bc2 (17. b4 Nxd3 18. Qxd3 cxb4 19. axb4
Ba6 $10) 17... Ba6 18. b3 Qc7 $10 19. Rfe1 (19. f4 Ng4 20. Qd3 Nf6 21. g4 d5
22. Ng3 dxc4 23. bxc4 Rfd8 24. Qe2 Rxb1 25. Rxb1 Rb8 $10) 19... Bb7 (19... d5
20. cxd5 exd5 21. b4 $14) 20. Rbd1 Rfd8 21. Nf4 Qe7 22. Nd3 Ng4 23. f3 Nf6 24.
Nf2 d5 $1 25. cxd5 exd5 26. b4 (26. e4 dxe4 27. Rxd8+ Qxd8 28. Nxe4 Nxe4 29.
Bxe4 Bxe4 30. Rxe4 Qd1+ 31. Kh2 Qxb3 32. Qxc5 $10) 26... cxb4 (26... c4 $6 27.
e4 dxe4 28. Rxd8+ Qxd8 29. Nxe4 Bxe4 30. Bxe4 $14) 27. Qxb4 $2 (27. axb4 {>=}
Rdc8 28. Qd2 Qc7 (28... Rc4 29. Nd3 Qc7 30. Bb3 Qxg3 $2 31. Bxc4 dxc4 32. Qf2
$16) 29. Bf5 Re8 30. g4 Bc8 31. Bd3 Qb6 32. Rb1 Bd7 $10) 27... Qc7 $17 28. Qa4
Qxg3 29. Qxa7 d4 $1 30. e4 Qc7 $1 (30... Nh5 $5 31. Bd3 Bc8 $17 {/\Nf4}) 31.
Qa4 (31. Bd3 $4 Ra8 32. Rc1 Qxc1 $19) 31... Ra8 32. Qb3 Nh5 33. Bd3 Nf4 34. Bf1
Ba6 $1 35. e5 Bxf1 36. Kxf1 Qe7 $1 $19 37. Re4 (37. a4 $2 Qh4 38. Re4 Qh2 $19)
37... Rxa3 (37... Qg5 38. g4 $17) 38. Qb2 Ne6 39. f4 Qa7 (39... g6 $5 40. g4
Rf3 $19) 40. f5 Ra2 41. Qc1 Ng5 42. Ree1 Qa6+ 43. Kg1 d3 $2 (43... Rc8 $1 44.
Qf4 Rcc2 45. Rf1 d3 $1 46. Rxd3 Qxd3 $3 47. Nxd3 Rxg2+ 48. Kh1 Nh3 49. Nb4 Rae2
$19) 44. Qe3 d2 45. Re2 Ra3 $2 (45... Qc4 46. e6 fxe6 47. fxe6 Re8 48. e7 Qb4
49. Rdxd2 Rxd2 50. Qxd2 Qxd2 51. Rxd2 Rxe7 $15) 46. Rdxd2 $10 Rxd2 47. Qxd2 Qb6
48. Kh2 Qb3 49. Qf4 Ra4 50. Qg3 Qc4 51. Re1 Qf4 52. e6 Qxg3+ 53. Kxg3 fxe6 54.
fxe6 Kf8 55. Nh3 Ra3+ 56. Kg4 Nxh3 57. e7+ Ke8 58. gxh3 Ra7 59. h4 Rxe7 60.
Rxe7+ Kxe7 61. Kf5 (61. Kf5 Kf7 62. h5 Ke7 63. Ke5 $10) 1/2-1/2

[Event "Madrid"]
[Site "Madrid"]
[Date "1994.??.??"]
[Round "3"]
[White "Kamsky, Gata"]
[Black "Illescas Cordoba, Miguel"]
[Result "1/2-1/2"]
[WhiteElo "2695"]
[BlackElo "2590"]
[Annotator "Horvath,Ta"]
[PlyCount "88"]
[EventDate "1994.05.??"]
[EventType "tourn"]
[EventRounds "9"]
[EventCountry "ESP"]
[EventCategory "15"]
[SourceTitle "CBM 041"]
[Source "ChessBase"]
[SourceDate "1994.08.01"]
[SourceVersion "1"]
[SourceVersionDate "1994.08.01"]
[SourceQuality "1"]

1. e4 {Ribli} c5 2. Nf3 Nc6 3. d4 cxd4 4. Nxd4 Qc7 5. Nc3 e6 6. Be2 a6 7. O-O
Nf6 8. Be3 Bb4 9. Na4 (9. Re1 $5 Bxc3 (9... Ne7 $5 10. Qd3 Bxc3 11. bxc3 d5 $10
) 10. bxc3 Nxe4 11. Bd3 Nf6 $2 (11... d5 $142) 12. Nf5 $1 O-O 13. Nxg7 $1 Kxg7
14. Bh6+ $3 Kxh6 15. Qd2+ Kh5 16. Re3 $18 {Hennings-Csulits/Colditz/1967}) 9...
Be7 (9... Ne7 10. c4 Nxe4 11. c5 (11. Qc2 Nf6 12. c5 Ned5 13. a3 Ba5 14. b4 b5
15. Nc3 $1 $14)) (9... O-O 10. Nxc6 bxc6 11. Nb6 Rb8 12. Nxc8 Rfxc8 13. Bxa6
Rf8 $5 14. Bd3 Bd6 15. f4 (15. Kh1 Be5 $1 16. c3 Rxb2 17. Qc1 Ng4 $1 18. f4
Nxe3 19. Qxb2 Bxf4 20. Rf3 Ng4 21. Rh3 $2 (21. g3 $142 {Luther-Horvath,J/Ribli/
Paulsen 2./}) 21... Qa7 22. Rf1 Be3 $17 {Tolnai-Horvath,T /Budapest/1981}) (15.
h3 Be5 16. c3 (16. b3 $5 d5 (16... Bxa1 17. Qxa1 $13) 17. exd5 Nxd5 $1 18. Bc5
Rfd8 19. Rc1 Nc3 20. Qf3 Nxa2 21. Rce1 g6 $13 {Muller,K-Horvath,T/Hamburg/1990}
) 16... Rxb2 17. Qc1 Qb8 $1 $13 {Stoica-Franzoni/Luzern/1985}) 15... e5 16. f5
Rxb2 17. g4 Qa5 $5 (17... h6 {Marjanovic-Kirov/Nizza/1985} 18. h4 $5 $40) 18.
g5 (18. Kh1 Bc5 19. Bc1 Rxa2 $15 {Hartmann-Bischoff/Bamberg-Bayern Munchen/1986
}) 18... Bc5 19. gxf6 Bxe3+ 20. Kh1 gxf6 21. Rg1+ $1 Kh8 (21... Bxg1 $4 22.
Qg4+ $18) 22. Qg4 Bg5 $8 23. h4 Bh6 24. Rg2 Qc5 $1 {Ribli} (24... Rbb8 $2 25.
Qh5 $18 Be3 26. Rag1 $1 d5 (26... Bxg1 27. Qh6) 27. Rg7 h6 28. R7g3 Bf4 29. Rg5
$1 Kh7 30. Rg7+ Kh8 31. Qg4 {Luther-Horvath,Gy/Halle/1981}) 25. Rag1 Rbb8 $10)
10. Nxc6 bxc6 11. Nb6 Rb8 12. Nxc8 Qxc8 13. e5 Nd5 14. Bc1 Bc5 15. c4 Ne7 16.
b3 Qc7 17. Bb2 Ng6 $5 (17... d6 18. exd6 Bxd6 19. g3 $14 {Gufeld-Vasjukov/
Vilnius/1975}) 18. Qd3 (18. Kh1 {Ribli} O-O 19. f4 d6 20. Bd3 Rfd8 $13 {
Wolter,K-Franzoni,G/Biel op/1990/EXP19/}) 18... O-O (18... Nxe5 $2 19. Qg3 Bd6
$2 20. c5 $18) 19. Qe4 $14 d6 (19... f5 $6 {Ribli} 20. exf6 gxf6 21. Rad1 $14 {
Psakhis,L-Zapata,A/Moscow GMA-op/1989/INF47,234/}) (19... a5 {Ribli} 20. g3 a4
21. Bd1 a3 22. Bc3 Bb4 $13 {Varavin,V-Rublevsky,S/Smolensk/1991/CBM24/}) 20.
exd6 Bxd6 21. g3 (21. h4 $5) 21... Rfd8 22. Rad1 (22. Rfd1 {Ribli} Bc5 23.
Rxd8+ Rxd8 24. Rd1 Rxd1+ 25. Bxd1 Qb6 26. Qe2 Bd4 $10) 22... Qa5 23. Qxc6 Qxa2
24. Rxd6 Qxb2 25. Rfd1 Rf8 (25... Rxd6 26. Qxd6 Qxb3 27. Qxa6 Qc2 28. Qd6 Rc8
29. Rd2 $14) (25... Rdc8 {Ribli} 26. Qe4 Qxb3 27. Rxa6 $10) 26. Qe4 Qxb3 27.
Rxa6 Qc3 28. h4 Rb2 29. Rad6 Qc2 30. Qxc2 Rxc2 31. Kf1 (31. Bd3 $5 {Ribli} Rc3
32. Bxg6 hxg6 33. Rc6 $14) 31... Ne5 32. R1d4 h5 $1 33. Ke1 (33. Bxh5 {Ribli}
Rxc4 $10) 33... g6 34. Kd1 Ra2 35. c5 Kg7 36. f4 Ng4 (36... Rb8 $2 {Ribli} 37.
Rb6 Rxb6 38. cxb6 Ng4 39. Rb4 $16) 37. Bxg4 hxg4 38. c6 Rb8 39. Rd2 Ra1+ 40.
Kc2 (40. Ke2 $2 {Ribli} Rc1) 40... Ra2+ 41. Kc3 Ra3+ 42. Kc4 Ra4+ 43. Kc5 Ra5+
44. Kd4 Ra4+ 1/2-1/2

[Event "Madrid"]
[Site "Madrid"]
[Date "1994.??.??"]
[Round "9"]
[White "San Segundo Carrillo, Pablo"]
[Black "Kamsky, Gata"]
[Result "1/2-1/2"]
[WhiteElo "2470"]
[BlackElo "2695"]
[PlyCount "71"]
[EventDate "1994.05.??"]
[EventType "tourn"]
[EventRounds "9"]
[EventCountry "ESP"]
[EventCategory "15"]
[SourceTitle "CBM 041"]
[Source "ChessBase"]
[SourceDate "1994.08.01"]
[SourceVersion "1"]
[SourceVersionDate "1994.08.01"]
[SourceQuality "1"]

1. d4 Nf6 2. c4 g6 3. Nc3 d5 4. cxd5 Nxd5 5. e4 Nxc3 6. bxc3 Bg7 7. Bb5+ c6 8.
Ba4 Be6 9. Ne2 Bc4 10. Bb3 Bxb3 11. axb3 Nd7 12. O-O O-O 13. f4 Qb6 14. Kh1 e6
15. Qc2 c5 16. dxc5 Nxc5 17. Be3 Qc6 18. e5 a6 19. Bxc5 Qxc5 20. Ng3 f6 21. Ne4
Qc6 22. exf6 Bxf6 23. Rad1 Be7 24. Qe2 Rf7 25. Ng5 Bxg5 26. fxg5 Rxf1+ 27. Rxf1
Re8 28. Qe5 Qb5 29. Qf6 Qd7 30. Qe5 Rd8 31. Qf6 Qe8 32. h3 Rd7 33. Re1 Re7 34.
Qe5 Qd7 35. c4 Re8 36. Rf1 1/2-1/2

[Event "PCA-Wch Candidates m4"]
[Site "New York"]
[Date "1994.??.??"]
[Round "2"]
[White "Kramnik, Vladimir"]
[Black "Kamsky, Gata"]
[Result "0-1"]
[WhiteElo "2710"]
[BlackElo "2695"]
[Annotator "Ribli,Z"]
[PlyCount "76"]
[EventDate "1994.06.??"]
[EventType "match"]
[EventRounds "6"]
[EventCountry "USA"]
[SourceTitle "CBM 042"]
[Source "ChessBase"]
[SourceDate "1994.10.01"]
[SourceVersion "1"]
[SourceVersionDate "1994.10.01"]
[SourceQuality "1"]

1. Nf3 {Ftacnik} Nf6 2. c4 e6 3. Nc3 Bb4 4. g3 O-O 5. Bg2 c5 (5... d5 $5) 6.
O-O Nc6 7. d4 cxd4 (7... Bxc3 8. bxc3 d6 9. Bf4 $1 (9. dxc5 $6 dxc5 10. Bf4 Qa5
11. Qc2 h6 $13 {Van der Sterren,P-Lobron,E/Wijk m/1993/CBM34/}) 9... Nh5 10.
Be3 (10. Bg5 $5) 10... Qe7 11. dxc5 dxc5 12. Nd2 Nf6 13. Nb3 $16 {
Mikhalchishin,A-Lerner,K/USSR/1982/}) 8. Nxd4 {-> A33} Qe7 (8... d5 9. cxd5
exd5 10. Bg5 $14 {Kasparov,G-Arlandi,E/Cannes sim/1988/CBM08/}) 9. Nc2 Bxc3 10.
bxc3 Rd8 11. Ba3 d6 12. Rb1 (12. Qd2 $1 Qc7 13. Rfd1 d5 14. Ne3 dxc4 15. Bd6
Qb6 16. Rab1 Qa6 17. Qb2 $44 {Ribli,Z-Ernst,Th/Subotica izt/1987/CBM03/}) 12...
Qc7 13. Nd4 $6 (13. Ne3 $5 Na5 $6 14. Qa4 Bd7 $2 15. Bxd6 $1 Qxd6 16. Qxa5 $16)
13... Nxd4 14. cxd4 (14. Qxd4 $5 e5 15. Qd3 $13 (15. Qd3 {Ftacnik} Be6 16. Rxb7
Qxc4 17. Qxc4 (17. Rb4 Qxd3 18. exd3 Rac8 19. c4 d5 $10) 17... Bxc4 18. Rc7 $10
)) 14... Qxc4 15. Qd2 (15. e4 $5 {Ftacnik} Qxa2 (15... Qa6 16. Qb3 e5 $5 (16...
Bd7 17. e5 $1) 17. f4 Re8 (17... exd4 18. e5 Be6 19. Qb2 dxe5 20. Bxb7 Qa5 21.
Bxa8 Rxa8 22. Qb8+ Qd8 23. Qxe5 $16) 18. fxe5 dxe5 19. dxe5 Be6 20. Qxb7 Qxa3
21. exf6 Bxa2 $17) 16. Bxd6 Rxd6 (16... Nxe4 17. Be5 Nd6 18. Qg4 Ne8 19. Be4 $5
f6 $140 20. Qh5 fxe5 21. Bxh7+ Kf8 22. dxe5 $40) 17. e5 Rd7 18. exf6 gxf6 19.
Qg4+ Kf8 20. Rfd1 $36) 15... Qa6 $1 (15... d5 $2 16. Rfc1 Qa6 17. Be7 Re8 18.
Bxf6 gxf6 19. Qh6 $36) 16. Rb3 Rb8 17. e4 Bd7 18. Re1 (18. e5 dxe5 19. dxe5 Bc6
20. Qg5 h6 $17) 18... Ba4 19. Rf3 Rbc8 20. Bf1 (20. Rxf6 $6 {Ftacnik} gxf6 21.
Qh6 Qa5 $19) 20... Bb5 21. Bh3 (21. Bxb5 {Ftacnik} Qxb5 22. Rb3 Qc6 $17) 21...
Qa4 22. d5 Rc2 $1 (22... Nxe4 $2 {Ftacnik} 23. Qf4 Nf6 24. dxe6 Qxf4 25. exf7+
Kxf7 26. Be6+ Kf8 27. Rxf4 $44) 23. Qe3 exd5 24. e5 (24. exd5 Re8 $19) (24.
Rxf6 {Ftacnik} gxf6 25. Bf5 Re2 $5 (25... Bd7 26. Bxd7 Qxd7 27. exd5 $17) 26.
Rxe2 Bxe2 27. Qxe2 Qxa3 $19) 24... d4 (24... dxe5 {Ftacnik} 25. Rxf6 gxf6 26.
Be7 (26. Bf5 Re2 $1 27. Rxe2 Bxe2 28. Qxe2 Qxa3 $19) 26... Re8 27. Bf5 (27.
Bxf6 Qe4 $1) (27. Qh6 Qd4) 27... Re2 28. Rxe2 Bxe2 29. Qxe2 Rxe7 30. Qh5 Rc7 (
30... Kf8 31. Qh6+ Ke8 32. Qxf6) 31. Qh6 Qd1+ 32. Kg2 Qc1 33. Bxh7+ Kh8 34. f4
$10) 25. Qg5 Re2 $1 (25... h6 $1 {Ftacnik} 26. Qh4 (26. Qf5 Re2 27. Qb1 Bc6 $19
) (26. Qf4 Re2 $19) 26... Re2 27. Rb1 Re4 28. Rf4 Rxe5 29. Rxf6 gxf6 $17) 26.
exf6 (26. Rxe2 Qd1+ 27. Bf1 Bxe2 $19) (26. Rb1 {Ftacnik} Rxe5 $17) 26... Rxe1+
27. Bf1 (27. Kg2 $2 {Ftacnik} Bf1+ 28. Kg1 Bxh3#) 27... Rxf1+ 28. Kg2 Rg1+ $1
29. Kh3 (29. Kxg1 {Ftacnik} Qd1+) 29... Bd7+ (29... Bf1+ $5 {Ftacnik} 30. Kh4 (
30. Kg4 Qd7+ $1 (30... d3+ 31. Rf4 Qd7+ $19) 31. Kf4 g6 $19) 30... d3+ 31. Rf4
Qxf4+ 32. Qxf4 Rg2 33. fxg7 (33. g4 h6 34. fxg7 d2 $1 (34... Rxh2+ $2 35. Qxh2
d2 36. Qf4 d1=Q 37. Qxh6 f6 38. Qh8+ Kf7 39. Qxd8 Kxg7 40. Bxd6 $40) 35. Qxd2
Rxh2+ 36. Kg3 Rh3+ 37. Kf4 Rxa3 (37... Bg2 38. g5 hxg5+ 39. Kxg5 Rxa3 $19) 38.
Qc1 Ra4+ 39. Kf3 Bd3 40. Qxh6 Bh7 $19) 33... Rxh2+ 34. Kg5 h6+ 35. Kf6 (35. Kg4
Be2+ 36. f3 d2 $19) 35... Re8 $19) 30. Kh4 g6 (30... d3+ {Ftacnik} 31. Rf4
Qxf4+ 32. Qxf4 Rh1 33. g4 h6 34. fxg7 Bc6 35. f3 $13) 31. Qh6 (31. Rf4 {Ftacnik
} Rh1 $19) 31... d3+ $1 32. Rf4 Qxf4+ 33. Qxf4 (33. gxf4 Rg4+ 34. Kh3 Rg5+ 35.
Kh4 Rh5+ $19) 33... Rh1 34. g4 h6 $1 35. Kh3 (35. Qd4 {Ftacnik} g5+ 36. Kg3
Rg1+ 37. Kf3 Re8 $19) 35... g5 36. Qd4 d2 $1 (36... Rg1 {Ftacnik} 37. f3 d2 $1
38. Qxg1 Ba4 $19) 37. Qxd2 Rg1 38. f3 Bb5 0-1

[Event "PCA-Wch Candidates m4"]
[Site "New York"]
[Date "1994.??.??"]
[Round "3"]
[White "Kamsky, Gata"]
[Black "Kramnik, Vladimir"]
[Result "1/2-1/2"]
[WhiteElo "2695"]
[BlackElo "2710"]
[Annotator "Ftacnik,L"]
[PlyCount "90"]
[EventDate "1994.06.??"]
[EventType "match"]
[EventRounds "6"]
[EventCountry "USA"]
[SourceTitle "CBM 042"]
[Source "ChessBase"]
[SourceDate "1994.10.01"]
[SourceVersion "1"]
[SourceVersionDate "1994.10.01"]
[SourceQuality "1"]

1. d4 d5 2. c4 c6 3. Nc3 Nf6 4. Nf3 e6 5. Bg5 h6 6. Bxf6 Qxf6 7. e3 Nd7 8. Bd3
Qd8 9. O-O Be7 10. a3 O-O 11. Qc2 (11. Qe2 f5 12. b4 (12. Qc2 a6 13. cxd5 cxd5
14. Qb3 Qc7 15. Rfc1 Qd6 16. Bf1 {Ionov,S-Dreev,A/URS-ch58 (04)/1991/}) 12...
Nf6 13. Ne5 {Sher,M-Kishnev,S/Dortmund op-A (08)/1992/}) 11... a6 12. b4 f5 13.
Na4 (13. c5 Bf6 14. a4 g5 15. b5 a5 16. Ne2 Bg7 17. Rab1 Qe7 18. Nd2 f4 19.
exf4 gxf4 20. Rfe1 e5 21. bxc6 bxc6 22. dxe5 Nxe5 23. Nd4 Qf6 24. N2f3 Nxf3+
25. Nxf3 $14 {Kramnik,V-Illescas Cordoba,M (4)/Alcobendas m/1993/1-0 (39)})
13... Bd6 14. Nc5 Qf6 15. Rac1 (15. cxd5 exd5 16. Rac1 g5 $132) 15... g5 16.
Qc3 $1 {xe5} g4 17. Nxd7 Bxd7 18. Ne5 Be8 (18... Bxe5 19. dxe5 Qg5 20. f4 $14)
19. f4 gxf3 $8 (19... h5 20. c5 Bc7 21. a4 $14) 20. Rxf3 Kh8 21. Rh3 Rg8 22.
Rf1 Rg5 23. e4 (23. Nf3 Rh5 24. Rxh5 Bxh5 $132) 23... dxe4 (23... Qg7 $5 24.
exf5 Rxg2+ 25. Kh1 exf5 26. Bxf5 Rg5 $13) 24. Bxe4 Bh5 (24... Qg7 25. Bf3 Bxe5
26. dxe5 Rd8 27. Rh4 $14) 25. Bf3 Bxf3 26. Rfxf3 (26. Nxf3 Rg4) (26. Rxh6+ $2
Qxh6 27. Nf7+ Kh7 28. Nxh6 Rxg2+ 29. Kh1 Be4 $19) 26... Kh7 27. Rf2 (27. Rfg3
Rag8 $15) 27... Bxe5 (27... Rag8 28. Re3) 28. dxe5 Qg7 29. Rd3 Rg8 30. Rdd2 Rg4
31. Rfe2 (31. c5 Re4 32. Rfe2 Rxe2 33. Rxe2 Rd8 $15) 31... Kh8 32. c5 Qg5 33.
Qb3 Qh4 34. Qe3 (34. Qxe6 $4 Rxg2+ 35. Rxg2 Qe1#) 34... R8g7 (34... Re4 35. Qd3
Rxe2 36. Qxe2 $10) 35. Qf3 Kh7 36. Qe3 Qh5 37. Qf3 Qg5 (37... Rxg2+ 38. Qxg2 f4
39. Qxg7+ Kxg7 40. Rg2+ Kf8 41. Rd8+ Ke7 42. Rgg8 Qxe5 43. Rde8+ $10) 38. Qd3
Qf4 (38... h5 $5) 39. Rd1 Rh4 40. g3 Rhg4 41. Kh1 Qg5 (41... Rxg3 42. hxg3 Rxg3
43. Qd7+ Rg7 44. Qd3 (44. Qxe6 $4 Qf3+ 45. Kh2 Qh5#) 44... Rg3 $10) 42. Qe3 Qh5
(42... f4 43. gxf4 Rxf4 44. Qd3+ $15) 43. Qf3 Qg5 44. Re3 h5 $1 (44... f4 45.
Re4 fxg3 46. Rxg4 Qxg4 47. Qxg4 Rxg4 48. Rd7+ Kg6 49. hxg3 Rxg3 50. a4 $10) 45.
Red3 h4 $40 1/2-1/2